00681nam a2200193Ia 450000500170000000800410001704000190005804100120007708200130008924501430010226000410024530000250028665000200031170000230033185000100035494200070036499900170037195200990038820230607104812.0131103s9999 xx 000 0 und d aLoreto College aEnglish a930bHAM aWonders of the pastb the marvellous works of man in ancient times described by the leading authorities of today cedited by J.A.Hammerton aLondonbThe Fleetway Housec[19 - ?] a416 p.b illus.,maps aAncient History aHammerton,J.A.,ed. aLCLIB cBK c12908d63387 00102ddc4070aMAINbMAINd2013-11-04l0o930 HAM 2586pB12906r2013-11-04w2013-11-04yBKf